Antropología y educación
Guardat en:
| Autor principal: | |
|---|---|
| Format: | Llibre |
| Idioma: | espanyol |
| Publicat: |
Santiago
Paulinas
1982
|
| Edició: | 1a. ed |
| Col·lecció: | Colección Pedagógica, 3
|
| Matèries: | |
| Etiquetes: |
Afegir etiqueta
Sense etiquetes, Sigues el primer a etiquetar aquest registre!
|
MARC
| LEADER | 00000cam a2200000 a 4500 | ||
|---|---|---|---|
| 001 | UCX0065 | ||
| 003 | CL-VaPUC | ||
| 008 | 890802e19820000CL |||||||||||||||||spa|d | ||
| 082 | 0 | 4 | |a 370.19 |b LOP |2 21 |
| 100 | |a López Escalona, Sara |e autora |9 579144 | ||
| 245 | 1 | 0 | |a Antropología y educación |
| 250 | |a 1a. ed | ||
| 300 | |a 169 p | ||
| 942 | |c BK | ||
| 945 | |d 19890802 00:00:00 | ||
| 260 | |a Santiago |b Paulinas |c 1982 | ||
| 650 | 0 | |a Antropología de la educación |9 265262 | |
| 650 | 0 | |a Educadores |9 314091 | |
| 583 | |a last modification |c 20160725 01:55:24 |k Rodrigo Vera | ||
| 490 | 0 | |a Colección Pedagógica, 3 | |
| 999 | |c 221829 |d 221827 | ||
| 952 | |0 0 |1 0 |4 0 |6 370_190000000000000_LOP_1982 |7 0 |8 A |9 215752 |a BIBTEO |b BIBTEO |d 2019-11-15 |i 2842017 |o 370.19 LOP 1982 |p 2842017 |r 2025-01-17 |w 2019-11-15 |y BK |k ICR | ||
| 952 | |0 0 |1 0 |4 0 |6 370_190000000000000_LOP_1982 |7 0 |8 A |9 215753 |a BIBTEO |b BIBTEO |d 2019-11-15 |i 2842025 |o 370.19 LOP 1982 |p 2842025 |r 2025-01-17 |w 2019-11-15 |y BK |k ICR | ||
| 952 | |0 0 |1 0 |4 0 |6 370_190000000000000_LOP_1982 |7 0 |8 A |9 215754 |a BIBTEO |b BIBTEO |d 2019-11-15 |i 2842033 |o 370.19 LOP 1982 |p 2842033 |r 2025-01-17 |w 2019-11-15 |y BK |k ICR | ||
| 952 | |0 0 |1 0 |4 0 |6 370_190000000000000_LOP_1982 |7 0 |8 A |9 215755 |a BIBTEO |b BIBTEO |d 2019-11-15 |i 2842041 |o 370.19 LOP 1982 |p 2842041 |r 2025-01-17 |w 2019-11-15 |y BK |k ICR | ||
| 952 | |0 0 |1 0 |4 0 |6 370_190000000000000_LOP_1982 |7 0 |8 P |9 215756 |a BIBEDU |b BIBEDU |c BIBEDU_PB |d 2019-11-15 |i 1522280 |o 370.19 LOP 1982 |p 1522280 |r 2024-01-25 |w 2019-11-15 |y BK |k EDU | ||
| 952 | |0 0 |1 0 |4 0 |6 370_190000000000000_LOP_1982 |7 0 |8 P |9 215757 |a BIBEDU |b BIBEDU |c BIBEDU_PB |d 2019-11-15 |i 1522264 |o 370.19 LOP 1982 |p 1522264 |r 2024-01-25 |w 2019-11-15 |y BK |k EDU | ||
| 952 | |0 0 |1 0 |4 0 |6 370_190000000000000_LOP_1982 |7 0 |8 P |9 215758 |a BIBEDU |b BIBEDU |c BIBEDU_PB |d 2019-11-15 |i 1522272 |o 370.19 LOP 1982 |p 1522272 |r 2024-01-25 |w 2019-11-15 |y BK |k EDU | ||
| 952 | |0 0 |1 0 |4 0 |6 370_190000000000000_LOP_1982 |7 0 |8 P |9 215759 |a BIBEDU |b BIBEDU |c BIBEDU_PB |d 2019-11-15 |i 1524259 |o 370.19 LOP 1982 |p 1524259 |r 2024-01-25 |w 2019-11-15 |y BK |k EDU | ||
| 952 | |0 0 |1 0 |4 0 |6 370_190000000000000_LOP_1982 |7 0 |8 P |9 215760 |a BIBEDU |b BIBEDU |c BIBEDU_PB |d 2019-11-15 |i 1524267 |o 370.19 LOP 1982 |p 1524267 |r 2024-01-25 |w 2019-11-15 |y BK |k EDU | ||
| 952 | |0 0 |1 0 |4 0 |6 370_190000000000000_LOP_1982 |7 0 |8 P |9 215761 |a BIBEDU |b BIBEDU |c BIBEDU_PB |d 2019-11-15 |i 1524275 |o 370.19 LOP 1982 |p 1524275 |r 2024-01-25 |w 2019-11-15 |y BK |k EDU | ||
| 952 | |0 0 |1 0 |4 0 |6 370_190000000000000_LOP_1982 |7 0 |8 P |9 215762 |a BIBEDU |b BIBEDU |c BIBEDU_PB |d 2019-11-15 |i 1524283 |o 370.19 LOP 1982 |p 1524283 |r 2024-01-25 |w 2019-11-15 |y BK |k EDU | ||
| 952 | |0 0 |1 0 |4 0 |6 370_190000000000000_LOP_1982 |7 0 |8 A |9 215763 |a BIBTEO |b BIBTEO |d 2019-11-15 |i 2096463 |o 370.19 LOP 1982 |p 2096463 |r 2025-01-17 |w 2019-11-15 |y BK |k ICR | ||
| 952 | |0 0 |1 0 |3 erb |4 0 |6 370_190000000000000_LOP_1982 |7 0 |8 A |9 215765 |a BIBTEO |b BIBTEO |e Villagrán Garnham, Jorge |i 531710K |o 370.19 LOP 1982 |p 531710K |r 2025-01-17 |w 2019-11-15 |y BK |z Catalogado en:20160731 |k ICR | ||